000 00605nam a2200169 i 4500
001 31530
003 ES-MaACL
005 20250930063040.0
007 t|
008 030129s1908 pe ||||1| spa d
100 1 _aBelaúnde, Víctor Andrés,
_d1883-1971
_9172644
245 1 3 _aLa cuestión de límites Peruano-Boliviano ante el árbitro argentino
_b: resumen de las pruebas y argumentaciones aducidas /
_cpor Víctor Andrés Belaunde.
260 _aLima :
_b[s.n.,
_c1908] (
_fOficina Tip. de "Opinión Nacional")
300 _a1 v.
852 _aES-MaACL
_jT-1151-F-2
999 _c31530
_d31530